Bringing back grandfather / (Record no. 25867)

MARC details
000 -LEADER
fixed length control field 00793nam a22002297a 4500
005 - DATE AND TIME OF LATEST TRANSACTION
control field 20190517153241.0
008 - FIXED-LENGTH DATA ELEMENTS--GENERAL INFORMATION
fixed length control field 080814t xxu||||| |||| 00| 1 eng d
010 ## - LCCN (DPL NO)
LC control number B-284979
020 ## - INTERNATIONAL STANDARD BOOK NUMBER
International Standard Book Number 0143330292
Terms of availability 165.00
020 ## - INTERNATIONAL STANDARD BOOK NUMBER
International Standard Book Number 9780143330295
Terms of availability 165.00
035 ## - SYSTEM CONTROL NUMBER
System control number B-284979, B-215567, B-215560,B-215571
037 ## - SOURCE OF ACQUISITION
Source of stock number/acquisition UBH (Vender)
040 ## - CATALOGING SOURCE
Original cataloging agency DPL
Language of cataloging ENG
082 ## - DEWEY DECIMAL CLASSIFICATION NUMBER
Classification number S
100 ## - MAIN ENTRY--PERSONAL NAME
Personal name Banerjee, Anjali
245 ## - TITLE STATEMENT
Title Bringing back grandfather /
Statement of responsibility, etc by Anjali Banerjee
260 ## - PUBLICATION, DISTRIBUTION, ETC. (IMPRINT)
Place of publication, distribution, etc New Delhi
Name of publisher, distributor, etc Puffin Books
Date of publication, distribution, etc 2006
270 ## - ADDRESS
Address 11, Community Centre, Panchsheel Park,
City New Delhi
Postal code 110017
300 ## - PHYSICAL DESCRIPTION
Extent viii, 165p.
Dimensions 20cm. (pbk)
942 ## - ADDED ENTRY ELEMENTS (KOHA)
Source of classification or shelving scheme Dewey Decimal Classification
Item type English Books
Classification part S
Call number suffix BAN
Holdings
Withdrawn status Lost status Source of classification or shelving scheme Damaged status Not for loan Collection code Home library Current library Date acquired Source of acquisition Cost, normal purchase price Total Checkouts Full call number Barcode Date last seen Copy number Cost, replacement price Koha item type
    Dewey Decimal Classification     Fiction Patel Nagar Patel Nagar 10/07/2018 BPPD/Pub 165.00   S BAN B-215567 10/07/2018   165.00 English Books
    Dewey Decimal Classification     Fiction Patel Nagar Patel Nagar 06/12/2018 BPPD/PUB 165.00 3 S BAN B-215560 27/11/2021   165.00 English Books
    Dewey Decimal Classification     Fiction Vigyan Vihar Vigyan Vihar 17/05/2019 BPPD 165.00 1 S BAN B-215571 22/01/2020   165.00 English Books
    Dewey Decimal Classification     Fiction Vinoba Puri Vinoba Puri 23/04/2009 UBH/143/25.8.08/187/21.7.08/29.8.08 165.00 11 S BAN B-284979 10/01/2017 1 165.00 English Books

© Delhi Public Library
Hit Counter
free hit counter